000 00430nam a2200181Ia 4500
001 22939
005 20260414150904.0
008 260414t2016||||xx |||||||||||||| ||spa||
041 _aESP
082 _a624.171
_bB27
100 _aBathe, Klaus-Jürgen
_eAUT
245 0 _aFinite element procedures
_b
260 _c2016
300 _axv, 1043 páginas :
_c24 cm.
650 _a0
654 _aCIC
942 _cLIB
_dJUS
_fJUS
_2ddc
_n
999 _c22939
_d22939